000 00927nam a2200277Ia 4500
003 OSt
005 20250820134851.0
008 220909b |||||||| |||| 00| 0 eng d
020 _a9812530738
037 _cTextual
040 _aCSL
_beng
_cCSL
041 _aeng
084 _aCN05 L2;6
_qCSL
100 _aWeinberg, Steven
_eauthor
245 0 _aGravitation and cosmology
_b: Principles and applications of the general theory of relativity
260 _aSingapore:
_bJohn Wiley & Sons,
_c1972.
300 _axxviii, 657p.
500 _aIncludes bibliographical references.; Appendix 635-639p.
650 _a Cosmology
_9818210
650 _a General relativity
_9818211
650 _a Gravitation
_9818212
650 _a Relativity
_9818213
650 _aPhysics
942 _hCN05 L2;6
_cTEXL
_2CC
_n0
999 _c39895
_d39895